00658 2200241 4500001002100000005001500021035002000036007000300056008004100059020002200100082001000122084001600132100002900148245008900177250001000266260003400276300002200310650001900332700001700351504002600368990001100394990001100405INLIS00000000000687720210304100339 a0010-0321000247ta210304 g 0 ind  a978-602-8661-78-2 a155.4 a155.4 LUC l0 aLUCY, Lidiawati Santiosa1 a5 Menit Menguasai Hypnoparenting /cLucy Lidiawati Santiosa; penyunting, E. Martanto acet.1 aDepok :bPenebar Plus+,c2012 a185 hal. :bilus. 4aPSIKOLOGI ANAK0 aMARTANTO, E. aBibliografi : hal.185 a7987 a a7987 b